| 000 | 00706nam a22002177a 4500 | ||
|---|---|---|---|
| 999 |
_c2466 _d2466 |
||
| 003 | AR-CdUCM | ||
| 008 | 190304b ||||| |||| 00| 0 spa d | ||
| 020 | _a84-320-6801-2 | ||
| 040 |
_aMUNICIPALIDAD PROVINCIAL DEL CUSCO _cBIBLIOTECA MUNICIPAL DEL CUSCO |
||
| 082 |
_a868.6 / _bT72 |
||
| 100 |
_aTorrente Ballester, Gonzalo _9516 |
||
| 245 |
_aFilomeno, a mi pesar / _bMemorias de un Señorito Descolocado |
||
| 260 |
_aEspaña : _bPlaneta ; _c1988. |
||
| 300 |
_a442 páginas _c21cm |
||
| 440 |
_aColección Autores Españoles e Hispanoamericanos _98811 |
||
| 505 | _aNovela | ||
| 650 |
_aLiteratura española _9193 |
||
| 650 |
_aLiteratura siglo XX _91173 |
||
| 942 |
_2ddc _cLIBROS |
||
| 945 | _anom | ||